000 00366nam a2200145 i 4500
001 bg
100 1 _aECKHAUS, Wiktor
245 0 _aStudies in non-linear stability theory /
_cWiktor Eckhaus.
260 _aBerlin :
_bSpringer-Verlag,
_c1965.
040 _cBPK
041 _apol
080 _a517:531/534
942 _cKS
008 s pl f |000 0 pol
999 _c25679
_d25679
856 _uhttp://koha.tu.koszalin.pl/cgi-bin/koha/opac-detail.pl?biblionumber=25679
_yKatalog online BPK